Eastern Utah Libraries Catalog: Duchesne, Heber, Roosevelt, & Vernal

The whispering night / (Record no. 405283)

MARC details
000 -LEADER
fixed length control field 01493pam a2200421 i 4500
001 - CONTROL NUMBER
control field 2024025257
003 - CONTROL NUMBER IDENTIFIER
control field DLC
005 - DATE AND TIME OF LATEST TRANSACTION
control field 20250307132239.0
008 - FIXED-LENGTH DATA ELEMENTS--GENERAL INFORMATION
fixed length control field 240711s2024 nyub d 000 1 eng
010 ## - LIBRARY OF CONGRESS CONTROL NUMBER
LC control number 2024025257
020 ## - INTERNATIONAL STANDARD BOOK NUMBER
International Standard Book Number 9781250339485
Qualifying information (hardcover)
020 ## - INTERNATIONAL STANDARD BOOK NUMBER
Cancelled/invalid ISBN 9781250339492
Qualifying information (ebook)
035 ## - SYSTEM CONTROL NUMBER
System control number (OCoLC)1446422393
040 ## - CATALOGING SOURCE
Original cataloging agency DLC
Language of cataloging eng
Description conventions rda
Transcribing agency DLC
Modifying agency TnLvILS
042 ## - AUTHENTICATION CODE
Authentication code pcc
-- cyac
092 ## - LOCALLY ASSIGNED DEWEY CALL NUMBER (OCLC)
Classification number young adult fiction
Item number Dennard
100 1# - MAIN ENTRY--PERSONAL NAME
Personal name Dennard, Susan,
Relator term author.
9 (RLIN) 5697125
245 14 - TITLE STATEMENT
Title The whispering night /
Statement of responsibility, etc Susan Dennard.
250 ## - EDITION STATEMENT
Edition statement First edition.
264 #1 - Production, Publication, Distribution, Manufacture, and Copyright Notice.
Place of production, publication, distribution, manufacture New York, NY :
Name of producer, publisher, distributor, manufacturer Tor Teen/Tor Publishing Group,
Date of production, publication, distribution, manufacture, or copyr 2024.
300 ## - PHYSICAL DESCRIPTION
Extent 384 pages :
Other physical details map ;
Dimensions 24 cm.
336 ## - Content Type
Content type term text
336 ## - Content Type
Content type term cartographic image
337 ## - Media type
Media type term unmediated
338 ## - Carrier type
Carrier type term volume
490 0# - SERIES STATEMENT
Series statement Luminaries ;
Volume number/sequential designation 3.
520 ## - SUMMARY, ETC.
Summary, etc As Luminaries celebrate the Nightmare Masquerade, Winnie and her friends search for witches hidden among them, revealing everyone's true loyalties in their war with the Dianas.
650 #0 - SUBJECT ADDED ENTRY--TOPICAL TERM
Topical term or geographic name as entry element Magic
Form subdivision Juvenile fiction.
9 (RLIN) 5673690
650 #0 - SUBJECT ADDED ENTRY--TOPICAL TERM
Topical term or geographic name as entry element Witches
Form subdivision Juvenile fiction.
9 (RLIN) 5673737
650 #0 - SUBJECT ADDED ENTRY--TOPICAL TERM
Topical term or geographic name as entry element Loyalty
Form subdivision Juvenile fiction.
9 (RLIN) 5673948
650 #1 - SUBJECT ADDED ENTRY--TOPICAL TERM
Topical term or geographic name as entry element Magic
Form subdivision Fiction.
9 (RLIN) 5673694
650 #1 - SUBJECT ADDED ENTRY--TOPICAL TERM
Topical term or geographic name as entry element Witches
Form subdivision Fiction.
9 (RLIN) 5673734
650 #1 - SUBJECT ADDED ENTRY--TOPICAL TERM
Topical term or geographic name as entry element Loyalty
Form subdivision Fiction.
9 (RLIN) 5673962
650 #1 - SUBJECT ADDED ENTRY--TOPICAL TERM
Topical term or geographic name as entry element Fantasy.
655 #7 - INDEX TERM--GENRE/FORM
Genre/form data or focus term Fantasy fiction.
Source of term lcgft.
655 #7 - INDEX TERM--GENRE/FORM
Genre/form data or focus term Novels.
Source of term lcgft.
942 ## - ADDED ENTRY ELEMENTS (KOHA)
Source of classification or shelving scheme Dewey Decimal Classification
Koha item type BOOK
Holdings
Withdrawn status Lost status Source of classification or shelving scheme Damaged status Not for loan Collection code Home library Current library Shelving location Date acquired Source of acquisition Serial Enumeration / chronology Total Checkouts Total Renewals Full call number Barcode Date last seen Date checked out Cost, replacement price Price effective from Koha item type
    Dewey Decimal Classification     Young Adult Fiction Wasatch County Library Wasatch County Library Main Floor Teen Area 03/07/2025 Micromarketing #3 Luminaries 1 1 YA Dennard 34301002148395 04/28/2025 04/09/2025 20.99 03/07/2025 BOOK
This project was made possible through a grant from the Institute of Museum and Library Service administered by the Utah State Library Division.

Wasatch County Library

  • 465 East 1200 South, Heber City, Utah 84032
  • Phone 435-654-1511 | Fax 435-654-6456

Hours

  • Monday - Friday 9:30 AM - 8:00 PM
  • Saturday 9:30 AM - 1:30 PM
  • Closed Sundays and Holidays